Přídavná zařízení obráběcích strojů

Bibliographic Details
Main Author: Skibar, Karel (Author)
Format: Book
Language:Czech
PhysicalDescription:271 s. fotogr., obr., tab. 21 cm
Published: Praha Státní nakladatelství technické literatury 1966
Edition:Vyd. 1.
Subjects:

MARC

LEADER 00000nam a2200000 a 4500
001 vtls001298626
003 SK-MaSNL
005 20260301195826.0
008 240318s1966 xr oal f f 00000 cze
020 |q (viaz.) 
035 |a SNK000250563 
040 |a SNK  |b slo  |c SNK  |e AACR2 
041 0 |a cze 
044 |a xr  |c CZ 
072 7 |a 621  |x Strojárstvo  |2 konspekt 
080 |a 621.9.06  |2 2011 
080 |a (035)  |2 2011 
100 1 |a Skibar, Karel  |4 aut  |9 519486 
245 1 0 |a Přídavná zařízení obráběcích strojů  |c Karel Skibar 
250 |a Vyd. 1. 
260 |a Praha  |b Státní nakladatelství technické literatury  |c 1966 
300 |a 271 s.  |b fotogr., obr., tab.  |c 21 cm 
366 |e 3200 výt. 
504 |a Bibliogr.: s. 270-271 
650 0 7 |a obrábacie stroje  |2 SNKPH  |9 66686 
650 0 7 |a prídavné zariadenia  |2 SNKPH  |9 578223 
650 0 7 |a Machine-tools  |2 SNKPHeng  |9 294295 
655 7 |a príručky  |2 SNKPH  |9 74364 
655 7 |a Handbooks, manuals, etc.  |2 SNKPHeng  |9 90964 
852 |a Štátna vedecká knižnica v Banskej Bystrici 
958 |a OND 
999 |c 887689  |d 889619 
952 |t P60, <04>, [BOOK], {604}  |a SNK  |b SNK  |y VYP  |7 0  |p 17A0087742  |o snkIC 39422  |0 0  |1 0  |4 0  |d 1997-08-08  |l 0  |r 2005-01-02 00:00:00  |w 2026-02-24